01212cam a2200169 a 4500020001500000020001800015040000800033082002600041100002000067245007900087250001800166300002900184490005400213520074200267650002201009650001101031 a0787908002 a9780787908003 cDLC00a378 JOS 1997 A013 Or.1 aYoung, Robert B10aNo neutral ground :bstanding by the values we prize in higher education / aFirst edition axvii, 231 pages ;c24 cm1 aThe Jossey-Bass higher and adult education series aIf the academy is to continue to play a critical role in determining the beliefs and behavior of American society, it is vital that those within higher education remain clear and consistent about their core values. In this book, author Robert B. Young identifies seven essential values (service, truth, freedom, equality, individuation, justice, and community) and explains how higher education administrators, faculty, and trustees can incorporate these values into their own practice and transmit them to students and the community at large. Both a thoughtful and a thought-provoking book, No Neutral Ground will help administrators, trustees, and faculty chart a steady course through the turbulent climate on today's college campuses 0aEducation, Higher 0aValues